Statystyki dla 15 krajów o największej liczbie zgonów Covid19 - 24 listopada 2021

Kliknij tutaj aby rozwiązać quiz!

Ogólne statystyki

  • Ten quiz został rozwiązany 19 razy
  • Średni wynik to 11 z 26

Statystyki odpowiedzi

kraj% Poprawnych
Francja
89%
Niemcy
89%
Rosja
89%
Stany Zjednoczone
89%
Wielka Brytania
83%
Indie
72%
Włochy
67%
Brazylia
61%
Meksyk
56%
Argentyna
50%
Węgry
39%
Czechy
33%
Indonezja
33%
Litwa
33%
Republika
Południowej Afryki
33%
Rumunia
33%
Peru
28%
Słowacja
28%
Gruzja
22%
Kolumbia
22%
Bośnia i Hercegowina
17%
Bułgaria
17%
Chorwacja
17%
Iran
17%
Armenia
11%
Macedonia Północna
11%

Rozkład punktacji

Percentyl według liczby udzielonych odpowiedzi

Procent ludzi z każdym wynikiem

Twoja historia wyników

Nie rozwiązałeś tego quizu